| 000 | 00857nam a22002657a 4500 | ||
|---|---|---|---|
| 001 | BR9401733 | ||
| 003 | BR-BrBNA | ||
| 005 | 20230928093915.0 | ||
| 007 | ta | ||
| 008 | 230509b bl.||||| |||| 00| 0 por d | ||
| 040 |
_aBR-BrBNA _bpor _cBiblioteca Nacional de Agricultura |
||
| 041 | _a(Por) | ||
| 072 | _aE14 | ||
| 090 | _ E14 BR9401733 | ||
| 110 | 1 |
_aSecretaria de Coordenacao e Planejamento, Sao Luis, MA (Brasil) _98719 |
|
| 245 | 1 |
_aPrograma de apoio ao pequeno produtor rural - PAPP. V. 5. Administracao do programa. Superintendencia de Programas Especiais _bAnexo 2 |
|
| 260 | 3 |
_aSao Luis, MA (Brasil): _c[nd]. |
|
| 300 | _a26 p. | ||
| 500 | _aPublished 1985? | ||
| 650 | _aPrograma de Desenvolvimento | ||
| 650 | _aPolitica de Desenvolvimento | ||
| 650 | _aDesenvolvimento Rural | ||
| 909 |
_a202309 _bLucia _c55 _dLucia Elande |
||
| 942 | _cBK | ||
| 999 |
_c47828 _d47828 |
||